Library Banner

Winnie-the-Pooh on management (Record no. 23261)

MARC details
000 -LEADER
fixed length control field 00416nam a2200169Ia 4500
001 - CONTROL NUMBER
control field 23021
008 - FIXED-LENGTH DATA ELEMENTS--GENERAL INFORMATION
fixed length control field 140410s9999 xx 000 0 und d
020 ## - INTERNATIONAL STANDARD BOOK NUMBER
International Standard Book Number 0-413-69720-7
040 ## - CATALOGING SOURCE
Transcribing agency PK-LaUMT
082 ## - DEWEY DECIMAL CLASSIFICATION NUMBER
Classification number 658.409
Item number ALL-W
100 ## - MAIN ENTRY--PERSONAL NAME
Personal name Roger E. Allen
245 ## - TITLE STATEMENT
Title Winnie-the-Pooh on management
Statement of responsibility, etc Roger E. Allen
260 ## - PUBLICATION, DISTRIBUTION, ETC. (IMPRINT)
Place of publication, distribution, etc London,UK:
Name of publisher, distributor, etc Methuen & Co.,
Date of publication, distribution, etc 1994
300 ## - PHYSICAL DESCRIPTION
Extent 161 p.
546 ## - LANGUAGE NOTE
Language note EN
942 ## - ADDED ENTRY ELEMENTS (KOHA)
Koha item type Books
Holdings
Withdrawn status Lost status Source of classification or shelving scheme Damaged status Not for loan Home library Current library Date acquired Total Checkouts Full call number Barcode Date last seen Price effective from Koha item type
    Dewey Decimal Classification     UMT Main Campus UMT Main Campus 2014-04-10   658.409 ALL-W 25859 2014-04-24 2014-04-24 Books
    Dewey Decimal Classification     UMT Main Campus UMT Main Campus 2014-06-19   658.409 ALL-W 25860 2014-06-19 2014-06-19 Books